• 首页
  • 本馆介绍
  • 公告通知
  • 最新文献
  • 馆藏检索
  • 电子资源
  • 读者导购
  • 参考咨询
  • 我的图书馆
  • 登录
  • 详细信息显示
  • 放入我的书架
  • 预约/预借图书
  • 作者相关作品
  • 分类相关作品
  • 丛书相关作品
  • 出版社相关作品

书目信息

  • 表格格式
  • 工作单格式
  • 卡片格式
题名:
LED封装技术与应用
    
 
作者: 沈洁 主编
分册:  
出版信息: 北京   化学工业出版社  2017.6
页数: 251页
开本: 26cm
丛书名:
单 册:
中图分类: TN383.059
科图分类:
主题词: 发光二极管--封装工艺--教材 , 发光二极管 , 封装工艺
电子资源:
ISBN: 978-7-122-14980-0
000 01105nam0 2200265 450
001 0400003858
005 20171022152344.0
010    @a978-7-122-14980-0@dCNY35.00
100    @a20171022d2017 em y0chiy ea
101 0  @achi
102    @aCN@b110000
105    @aa z 000yy
106    @ar
200 1  @aLED封装技术与应用@9LED feng zhuang ji shu yu ying yong@f沈洁主编
210    @a北京@c化学工业出版社@d2017.6
215    @a251页@c图,照片@d26cm
300    @a新能源系列——光伏应用专业规划教材
330    @a本书从LED芯片制作、LED封装和LED应用等方面介绍了LED的基本概念与相关技术,详细讲解了LED封装过程中和开发应用产品时应该注意的一些技术问题,并以引脚式LED封装为基础,进一步介绍了平面发光式、SMD、大功率LED的三种不同封装形式及其相应的产品在实际生产中的操作技术。本书还讨论了LED在不同领域的应用技术,最后以太阳能LED路灯的光伏系统为应用实例,分析了典型LED系统的应用技术。
606 0  @a发光二极管@x封装工艺@j教材
606 0  @a发光二极管
606 0  @a封装工艺
690    @aTN383.059@v5
701  0 @a沈洁@9shen jie@4主编
801  0 @aCN@b91MARC@c20171022
905    @b1036501-5@dTN383.059@f5@e17
    
    LED封装技术与应用/沈洁主编.-北京:化学工业出版社,2017.6
    251页:图,照片;26cm
    新能源系列——光伏应用专业规划教材
    
    ISBN 978-7-122-14980-0:CNY35.00
    本书从LED芯片制作、LED封装和LED应用等方面介绍了LED的基本概念与相关技术,详细讲解了LED封装过程中和开发应用产品时应该注意的一些技术问题,并以引脚式LED封装为基础,进一步介绍了平面发光式、SMD、大功率LED的三种不同封装形式及其相应的产品在实际生产中的操作技术。本书还讨论了LED在不同领域的应用技术,最后以太阳能LED路灯的光伏系统为应用实例,分析了典型LED系统的应用技术。
●
相关链接 在E读中查询图书 在五车中查询图书 在当当中查询图书 在豆瓣中查询图书


正题名:LED封装技术与应用     索取号:TN383.059/17         预约/预借

序号 登录号 条形码 馆藏地/架位号 状态 备注
1 1036501   210365013   第二样本阅览室/ [索取号:TN383.059/17] 在馆    
2 1036502   210365022   密集书库-生命科学系/ [索取号:TN383.059/17] 在馆    
3 1036503   210365031   第三借阅区/ [索取号:TN383.059/17] 在馆    
4 1036504   210365040   第三借阅区/ [索取号:TN383.059/17] 在馆    
5 1036505   210365059   第三借阅区/ [索取号:TN383.059/17] 在馆    
唐山师范学院图书馆 欢迎您!
大连网信软件有限公司© 版权所有